Missing Word: Character's [Blank] Movies Quiz Stats

 Plays Quiz Updated Mar 5, 2016

Challenge
Share
Tweet
Embed
Score 0/40 Timer 05:00
0 Plays Today
Movie Missing Word % Correct
A Bug's ___Life
98%
Schindler's ___List
97.9%
Ferris Bueller's ___ ___Day Off
94%
Bridget Jones's ___Diary
92.2%
Wayne's ___World
86.7%
Big Momma's ___House
85.4%
Coal Miner's ___Daughter
81.7%
Rosemary's ___Baby
80.4%
Charlie Wilson's ___War
76.3%
The King's ___Speech
75.1%
The Preacher's ___Wife
74.6%
Bill & Ted's ___ ___ Excellent Adventure
71.9%
The Emperor's ___ ___ New Groove
68.9%
Mr. Holland's ___Opus
68.7%
Charlie's ___Angels
68.5%
The Sorcerer's ___Apprentice
66.6%
My Sister's ___Keeper
66.4%
Carlito's ___Way
61.7%
Muriel's ___Wedding
53.9%
McHale's ___Navy
53.3%
Movie Missing Word % Correct
Prizzi's ___Honor
47.7%
The Handmaid's ___Tale
41.6%
Brewster's ___Millions
41.6%
Mr. Magorium's ___ ___Wonder Emporium
33.9%
Nim's ___Island
29.5%
Ulee's ___Gold
28.6%
Adam's ___Rib
28.3%
Alice's ___Restaurant
24.7%
Von Ryan's ___Express
22.4%
Howl's ___ ___Moving Castle
21.5%
Sullivan's ___Travels
20.2%
The Nun's ___Story
17.6%
Babette's ___Feast
16.5%
Donovan's ___Reef
16%
Krippendorf's ___Tribe
15%
Gregory's ___Girl
12.8%
Sharky's ___Machine
10.3%
Murphy's ___Romance
9.8%
Mr. Hulot's ___Holiday
7.6%
Claire's ___Knee
2.8%

Today's Daily Dose

You're not logged in!

Compare scores with friends on all Sporcle quizzes.
Join for Free
OR
Log In

You Might Also Like...

Show Comments

Extras

Top Quizzes Today


Score Distribution

Your Account Isn't Verified!

In order to create a playlist on Sporcle, you need to verify the email address you used during registration. Go to your Sporcle Settings to finish the process.

Report this User

Report this user for behavior that violates our Community Guidelines.

Details: